LEADER 01173nam a2200217 i 4500 001 000000010559 003 CaOOAMICUS 005 20231004143401.0 008 180830s1773 it u000 u ita u 040 $aSeMil$bita 100 1 $aPalafox y Mendoza, Juan : de .$0(OLS)http://semarc/name/13830 245 10$aVita del vener. mons. Giovanni di Palafox, vescovo d'Angelopoli, e poi d'Osma. ... Tradotta dall'edizione francese del 1772. Tomo 1. [-2.]. 264 1$aIn Venetia :$bAppresso Simone Occhi,$c1773. 300 $a2 v. ;$c8° 600 14$aPalafox y Mendoza, Juan : de .$0(OLS)http://semarc/subject/1686 700 1 $aOcchi, Simone,$c.$0(OLS)http://semarc/name/2607 774 0 $tTomo primo. Contenente la storia.$g1$w()92395 774 0 $tTomo secondo. Contenente i documenti di lettere, brevi, decreti, ecc.$g2$w()247139 996 $6245$aVita del vener. mons. Giovanni di Palafox, vescovo d'Angelopoli, e poi d'Osma. ... Tradotta dall'edizione francese del 1772. Tomo 1. [-2.]$9(OLS)http://semarc/title/13956 996 $6264$aIn Venetia :$bAppresso Simone Occhi$9(OLS)http://semarc/publisher/43653 LEADER 01089nam a2200241 4500 001 000000333687 003 CaOOAMICUS 005 20190619094130.0 008 190529s2019 it 000 u ita r 040 $aSeMil$bita 245 10$aSalmi :$blezioni dettate alle missionarie, anno 1971-1972 /$ccommento di Ezia Fiorentino. 264 1$aMilano :$b[s.n.],$c2019. 300 $a203 p. :$b[2] c. di tav., ill. ;$c22 cm. 541 1 $aFondo mons. Mario Delpini 650 4$aBibbia. Antico Testamento. Salmi - Meditazioni.$0(OLS)http://semarc/subject/3798 700 1 $aFiorentino, Ezia <1911-2009>.$0(OLS)http://semarc/name/91240 700 1 $aMissionarie del Sacerdozio Regale di Cristo : Istituto .$0(OLS)http://semarc/name/81443 850 $aSeMil 852 $aSeMil$W1$xVenegono$y1$m3F VI 330$j213716$B225974$CSeMilBibl$Z2$F225974 $81 941 1 $a7 996 $6245$aSalmi :$blezioni dettate alle missionarie, anno 1971-1972$9(OLS)http://semarc/title/423349 996 $6264$aMilano :$b[s.n.]$9(OLS)http://semarc/publisher/29709